Diseño de base de datos /

Detalles Bibliográficos
Autor principal: Merchán Manzano, Oswaldo (Autor)
Formato: Electrónico eBook
Lenguaje:español
Publicado: Cuenca, Ecuador : Universidad del Azuay, [2016]
Edición:1ra edición.
Materias:
Acceso en línea:Digitalia Hispánica

MARC

LEADER 00000nam a2200000 i 4500
001 DIGUAZUAY0025
003 NyNyDIG
007 cr |||||||||||
008 240219s2016 ec a ob 000 0 spa d
006 m o d
035 |a (OCoLC)1423251893 
040 |a DGITA  |b eng  |e rda  |e pn  |c DGITA 
020 |a 9789978325599  |q digital 
020 |z 9789978325940  |q impreso 
050 1 4 |a QA76.9.D26 ebook 
100 1 |a Merchán Manzano, Oswaldo,  |e author. 
245 1 0 |a Diseño de base de datos /  |c Oswaldo Merchán Manzano. 
250 |a 1ra edición. 
264 1 |a Cuenca, Ecuador :  |b Universidad del Azuay,  |c [2016] 
300 |a 1 online resource :  |b illustrations. 
336 |a text  |b txt  |2 rdacontent 
337 |a computer  |b c  |2 rdamedia 
338 |a online resource  |b cr  |2 rdacarrier 
347 |a text file  |2 rdaft 
347 |b PDF 
500 |a "Carrera de Ingeniería de Sistemas y Telemática, Escuela de Ingeniería de Sistemas, Universidad del Azuay". 
504 |a Includes bibliographical references. 
588 0 |a Online resource; title from PDF title page (Digitalia, viewed February 19, 2024) 
650 0 |a Database design. 
791 2 |a Digitalia (Firm),  |e distributor. 
793 0 |g Digitalia eBook Collection:  |a Universidad del Azuay 
776 0 8 |i Print version:  |a Merchán Manzano, Oswaldo.  |t Diseño de base de datos.  |b 1ra edición.  |d Cuenca, Ecuador : Universidad del Azuay, [2016]  |z 9789978325940 
856 4 0 |3 Digitalia Hispánica  |u https://www.digitaliapublishing.com/a/133408/ 
910 |a Premium collection: 2024